Constructivismo y enseñanza de las ciencias / (Record no. 11388)

MARC details
000 -CABECERA
campo de control de longitud fija 00768nam a2200229 a 4500
005 - FECHA Y HORA DE LA ÚLTIMA TRANSACCIÓN
campo de control 20240911064249.0
008 - ELEMENTOS DE LONGITUD FIJA--INFORMACIÓN GENERAL
campo de control de longitud fija 991125s1997 sev 000 0 spa u
020 ## - NÚMERO INTERNACIONAL NORMALIZADO PARA LIBROS
Número Internacional Estándar del Libro 8487118003
035 ## - NÚMERO DE CONTROL DEL SISTEMA
Número de control de sistema UPN01000011388
049 ## - COLECCIÓN
Colección CG
050 #4 - SIGNATURA TOPOGRÁFICA DE LA BIBLIOTECA DEL CONGRESO
Número de clasificación Q181.3
Número de documento/Ítem C6.6 1997
245 00 - MENCIÓN DE TÍTULO
Título Constructivismo y enseñanza de las ciencias /
Mención de responsabilidad, etc. comps., Rafael Porlán, J. Eduardo García, Pedro Cañal.
250 ## - MENCIÓN DE EDICIÓN
Mención de edición 4a ed.
260 ## - PUBLICACIÓN, DISTRIBUCIÓN, ETC.
Lugar de publicación, distribución, etc. Sevilla, (Esp.) :
Nombre del editor, distribuidor, etc. Díada,
Fecha de publicación, distribución, etc. 1997.
300 ## - DESCRIPCIÓN FÍSICA
Extensión 201 p.
440 #0 - MENCIÓN DE SERIE/ASIENTO SECUNDARIO--TÍTULO
Título Investigación y enseñanza.
Nombre de parte o sección de la obra Fundamentos ;
Designación de volumen o secuencia 2
590 ## - NOTA LOCAL (RLIN)
Nota local (También localizas un ejemplar en el "Area de Reserva")
590 ## - NOTA LOCAL (RLIN)
Nota local Bibliografía Básica (BGTQ)
650 #4 - ASIENTO SECUNDARIO DE MATERIA - TERMINO TEMATICO
Término de materia o nombre geográfico como elemento de entrada Ciencia
Subdivisión general Estudio y enseñanza
9 (RLIN) 6354
650 #4 - ASIENTO SECUNDARIO DE MATERIA - TERMINO TEMATICO
Término de materia o nombre geográfico como elemento de entrada Teoría del conocimiento
9 (RLIN) 1707
905 ## - TIPO DE MATERIAL
Tipo de material Libro
Holdings
Estado de retiro Estado de pérdida Fuente del sistema de clasificación o colocación Estado dañado No para préstamo Código de colección Localización permanente Ubicación/localización actual Ubicación en estantería Fecha de adquisición Enumeración/cronología de publicación seriada Total de préstamos Clasificación Código de barras Fecha visto por última vez Número de copia Tipo de ítem Koha Restricciones de uso Fecha del último préstamo
    Library of Congress Classification     Colección General Bib. Gregorio Torres Quintero Bib. Gregorio Torres Quintero Planta baja 21/02/2022 - 36 Q181.3 C6.6 1997 225297 21/02/2022 1 Libro    
    Library of Congress Classification     Bibliografía básica Bib. Gregorio Torres Quintero Bib. Gregorio Torres Quintero Colecciones especiales Planta alta 30/01/2023 - 11 Q181.3 C6.6 1997 165194 31/12/2020 1 Libro por horas Préstamo por horas  
    Library of Congress Classification     Colección General Bib. Gregorio Torres Quintero Bib. Gregorio Torres Quintero Planta baja   - 19 Q181.3 C6.6 1997 204682 06/09/2021 1 Libro    
    Library of Congress Classification     Colección General Bib. Gregorio Torres Quintero Bib. Gregorio Torres Quintero Planta baja 07/02/2024 - 38 Q181.3 C6.6 1997 212616 19/02/2024 1 Libro   07/02/2024